000
00248nam a22001097a 4500
082
_a
821/DAR
100
_a
Darshi,Darshan
_9
83951
245
_a
Blank papers blank palms
260
_a
New Delhi
_b
Sahitya akademi
_c
2021
650
_a
Poems
942
_c
BK
999
_c
68966
_d
68966